Φορτώνει......

Use of journals in libraries : A cost-effectiveness analysis /

Λεπτομέρειες βιβλιογραφικής εγγραφής
Κύριος συγγραφέας: Sarin, Ashok Kumar
Γλώσσα:Undetermined
Έκδοση: Current scientific literature : Delhi , 1987.
Θέματα:
LEADER 00525nam a2200157Ia 4500
001 9935
008 170722s9999 xx 000 0 und d
100 |a Sarin, Ashok Kumar 
245 |a Use of journals in libraries :  |b A cost-effectiveness analysis / 
260 |a Current scientific literature :  |b Delhi ,  |c 1987. 
300 |a 196 p.  |c 21.5cms 
653 |a Library Science 
653 |a Serials 
942 |c GEN 
999 |c 108999  |d 108999 
952 |0 0  |1 0  |4 0  |6 246_M7  |7 0  |9 153599  |a LIB  |b LIB  |d 2013-03-25  |o 2;46 M7  |p 206569  |r 2017-08-12  |w 2017-08-12  |y GEN